000 00902nam a2200217 i 4500
001 46604
003 ES-MaACL
005 20250827022414.0
007 t|
008 030331s1955 sp 10110 spa d
111 2 _aCongreso Iberoamericano de Municipios (
_n1º.
_d1955.
_cMadrid, Granada, Sevilla)
_9173565
245 1 0 _aCrónica del I Congreso Iberoamericano de Municipios (Madrid, Granada, Sevilla 1955) :
_bsesiones de trabajo y actos sociales.
260 _aMadrid :
_bInstituto de Estudios de Administración Local,
_c1955.
300 _a1010 p. ;
_c25 cm.
650 4 _aMunicipios-
_vCongresos y asambleas.
_9154075
650 4 _aAdministración local-
_zEspaña-
_vCongresos y asambleas.
_9169227
650 4 _aAdministración municipal-
_zEspaña.
_99642
710 2 _aInstituto de Estudios de Administración Local (España)
_94893
852 _aES-MaACL
_jC-17405
999 _c46604
_d46604